000 00912cab a22002295a 4500
001 L152769
008 110420e20110312xxk 000 0 eng d
035 _a(Sirsi) u152769
041 0 _aeng
100 1 _aMorrison, Adrian
245 0 0 _aFocus
_bEdinburgh
260 _c2011
490 _aEstates Gazette
_v(1110) 12 March 2011, 83-97(12)
520 _aIncludes a feature of Sue Bruce Edinburgh city council's new chief executive who is implementing an austerity budget; retail market outlook, the office market where office agents believe that conditions are perfect for development and the future for investment deals in Edinburgh in the context of the failure of two recent deals.
590 _aKA
651 4 _aEdinburgh
690 _aPROPERTY-COMMERCIAL PROPERTY-COMMERCIAL PROPERTY MARKET
700 1 _aSimmons, Mark
700 1 _aCunningham, Daniel
700 1 _aMeadwell, Stacey
942 _n0
999 _c83082
_d83082